000 00470nam a2200157Ia 4500
008 151213s9999 xx 000 0 und d
020 _a984-8319-28-x
100 _aআতা সরকার
245 _aওে স্বপ্ন ওে দুবৃত্ত
_cআতা সরকার
260 _aঢাকা
_bরিদম
_c2005
300 _a8399 p.
650 _aBangla
650 _aBengali Literature
700 _aআতা সরকার
999 _c4237
_d4237